[Event "Bratislava op"]
[Site "Bratislava"]
[Date "1995.??.??"]
[Round "6"]
[White "Bartak, Lubomir"]
[Black "Stec, Andrej"]
[Result "0-1"]
[WhiteElo "1925"]
[BlackElo "1945"]
[PlyCount "110"]
[EventDate "1995.??.??"]
[EventType "swiss"]
[EventRounds "9"]
[EventCountry "SVK"]
[SourceTitle "EXT 1997"]
[Source "ChessBase"]
[SourceDate "1996.11.15"]
[SourceVersion "1"]
[SourceVersionDate "1996.11.15"]
[SourceQuality "1"]

1. d4 d5 2. c4 e6 3. Nc3 Nf6 4. Bg5 Be7 5. e3 0-0 6. Nf3 h6 7. Bh4 b6 8. Be2 Bb7 9. cxd5 Nxd5 10. Bxe7 Qxe7 11. Nxd5 Bxd5 12. Qa4 Nd7 13. Bb5 Bxf3 14. gxf3 Nb8 15. Rc1 a5 16. 0-0 Rd8 17. f4 Ra7 18. Rc2 Rd5 19. Be2 Nd7 20. a3 c5 21. Bf3 Rd6 22. Rd1 Qf6 23. dxc5 Rxd1+ 24. Bxd1 Nxc5 25. Qe8+ Kh7 26. b4 Rd7 27. Rc1 Rd8 28. Qc6 Qb2 29. Bc2+ g6 30. Rd1 Rxd1+ 31. Bxd1 axb4 32. Qxb6 Qc1 33. axb4 Qxd1+ 34. Kg2 Qg4+ 35. Kf1 Ne4 36. Qb7 Nd6 37. Qc7 Qd1+ 38. Kg2 Kg7 39. Qc5 Qd5+ 40. Kf1 Qxc5 41. bxc5 Ne8 42. Ke2 Kf6 43. Kd3 Ke7 44. Kd4 Kd7 45. e4 Kc6 46. f5 exf5 47. exf5 gxf5 48. Ke5 Kxc5 49. Kxf5 Kd6 50. f3 Kd5 51. h4 Kd6 52. Kg4 Ng7 53. Kf4 Ke6 54. Kg4 Ke5 55. f4+ Ke6 0-1

[Event "Bratislava op"]
[Site "Bratislava"]
[Date "1995.??.??"]
[Round "7"]
[White "Strelicka, Jan"]
[Black "Bartak, Lubomir"]
[Result "1/2-1/2"]
[WhiteElo "1685"]
[BlackElo "1925"]
[PlyCount "33"]
[EventDate "1995.??.??"]
[EventType "swiss"]
[EventRounds "9"]
[EventCountry "SVK"]
[SourceTitle "EXT 1997"]
[Source "ChessBase"]
[SourceDate "1996.11.15"]
[SourceVersion "1"]
[SourceVersionDate "1996.11.15"]
[SourceQuality "1"]

1. e4 c6 2. c4 d5 3. cxd5 cxd5 4. exd5 Qxd5 5. Nc3 Qa5 6. Nf3 Nf6 7. d4 e6 8. Bc4 Be7 9. 0-0 0-0 10. Qb3 a6 11. Be3 b5 12. Bd3 Bb7 13. Ne5 Nc6 14. Rfd1 b4 15. Nc4 Qc7 16. Ne2 Nd5 17. Qc2 1/2-1/2

[Event "SVK-chT2B 9394"]
[Site "Slovakia"]
[Date "1994.??.??"]
[Round "9"]
[White "Janecek, Josef"]
[Black "Bartak, Lubomir"]
[Result "1/2-1/2"]
[WhiteElo "2015"]
[BlackElo "2010"]
[PlyCount "22"]
[EventDate "1993.??.??"]
[EventType "team"]
[EventRounds "14"]
[EventCountry "SVK"]
[SourceTitle "EXT 2001"]
[Source "ChessBase"]
[SourceDate "2000.11.22"]
[SourceVersion "1"]
[SourceVersionDate "2000.11.22"]
[SourceQuality "1"]

1. d4 Nf6 2. Nf3 d5 3. e3 e6 4. c4 Be7 5. Nc3 0-0 6. b3 b6 7. Be2 c5 8. 0-0 Bb7 9. Bb2 Nc6 10. h3 Rc8 11. Rc1 h6 1/2-1/2